Responses for show #7751 - Monday, April 30, 2018

Contestants

Leslye Laderman, an employee benefits attorney from Creve Coeur, Missouri

Osman Syed, a student from Jamesville, New York

Alexandra Henkoff, a college admissions counselor from Houston, Texas (whose 1-day cash winnings total $17,300)

Jeopardy! Round responses

LITERARY CHARACTERS
LET'S WATCH CARTOONS
STATE CAPITALS BY COUNTY
JIVE TALKIN'
YOU SHOULD BE DANCING
THE B.G.s
    $200 1
Hiawatha

Alexandra
    $200 6
King of the Hill

Osman
    $200 13
(Leslye: What is Georgia?)

Atlanta

AlexandraLeslye
    $200 20
babbling

Alexandra
    $200 16
the tango

Osman
    $200 11
the Titanic

Osman
    $400 2
Scrooge

Osman
    $400 7
BoJack Horseman

Osman
    $400 14
Phoenix

Osman
    $400 21
gobbledygook

Osman
    $400 27
(Michael) Flatley

Osman
    $400 12
Bill Gates

Alexandra
    $1,000 3
Paradise Lost

Osman
    $600 8
F is for Family

Osman
    $600 15
Annapolis

Alexandra
    $600 22
scat singing

Osman
    $600 23
the can-can

Osman
    $600 17
(Barry) Goldwater

Leslye
    $800 4
a teacher

Alexandra
    $800 9
Archer

Osman
    $800 29
Cheyenne

Leslye
    $800 25
Newspeak

Osman
    $800 24
(Alex: With less than a minute now.)

the hustle

Alexandra
    $800 18
the clarinet

Leslye
    $1000 5
Jeeves

Osman
    $1000 10
(Alexandra: What is Futurama?)
...
[Applause for Osman running the category]

American Dad!

AlexandraOsman
    $1000 30
(Alexandra: What is Madison?)

Augusta

AlexandraLeslye
    $1000 26
(Osman: What is circum... yeah, never mind.)

circumlocution

AlexandraOsman
    $1000 28
the Charleston

Osman
    $1000 19
(Alexandra: Who is Button?)
[Originally ruled correct; ruled insufficient at the beginning of Double Jeopardy!, resulting in Alexandra losing the $1,000 she had earned for the response without being penalized further]

Button Gwinnett

Triple Stumper

Scores at the first commercial break (after clue 15):

Alexandra Osman Leslye
$1,200 $6,000 -$200

Scores at the end of the Jeopardy! Round:

Alexandra Osman Leslye
$2,200 $9,000 $3,000

Double Jeopardy! Round responses

JAPAN-POURRI
MUSEUMS
RHYMES WITH BOB
HIPSTERY
POP CULTURE IN THE NEWS
THINKING ABOUT THE ENLIGHTENMENT
    $400 10
noh

Osman
    $400 1
(Osman: What is the Imperial Museum?)
(Alexandra: What is the Victoria and Albert Museum?)
(Leslye: What is the Tate Museum?)

the British Museum

AlexandraOsmanLeslye
Triple Stumper
    $400 2
a mob

Osman
    $400 15
Brooklyn

Alexandra
    $400 6
a kidney

Alexandra
    $400 3
Adam Smith

Alexandra
    $3,500 11
sumo

Osman
    $800 22
Philadelphia

Leslye
    $800 17
a snob

Alexandra
    $800 16
a bicycle

Leslye
    $800 7
Kid Rock

Osman
    $800 4
Encyclopedie

Osman
    $1200 12
(Alexandra: What is Kyoto?)
(Osman: What is Hiroshima?)

Nagasaki

AlexandraOsman
Triple Stumper
    $1200 23
Amelia Earhart

Osman
    $1200 18
throb

Osman
    $1200 19
flannel

Osman
    $1200 27
[The end-of-round signal sounds.]

#TimesUp

Osman
    $1200 5
checks and balances

Alexandra
    $1600 13
banzai

Triple Stumper
    $4,500 24
the Rijksmuseum

Osman
    $1600 26
daub

Osman
    $1600 20
W.E.B. Du Bois

Osman
    $1600 8
(John) Locke

Osman
    $2000 14
netsukes

Triple Stumper
    $2000 25
Yad Vashem

Leslye
    $2000 21
E.T.A. Hoffmann

Triple Stumper
    $2000 9
deism

Triple Stumper

Scores at the end of the Double Jeopardy! Round:

Alexandra Osman Leslye
$3,800 $27,400 $6,200
(lock game)

[wagering suggestions for these scores]

Final Jeopardy! Round responses

AUTHORS ON AUTHORS
AlexandraWho is Dante
$3,500
LeslyeWho is Poe?
$1,401
OsmanWho is E.A. Poe
$5,933
Edgar Allan Poe

Final scores:

Alexandra Osman Leslye
$300 $33,333 $7,601
3rd place: $1,000 New champion: $33,333 2nd place: $2,000

Game dynamics:

Coryat scores:

Alexandra Osman Leslye
$3,800 $21,400 $6,200
13 R,
4 W
30 R
(including 3 DDs),
3 W
7 R,
2 W

Combined Coryat: $31,400

The J! Archive is created by fans, for fans. The Jeopardy! game show and all elements thereof, including but not limited to copyright and trademark thereto, are the property of Jeopardy Productions, Inc. and are protected under law. This website is not affiliated with, sponsored by, or operated by Jeopardy Productions, Inc. Join the discussion at JBoard.tv.